Most disaster prone states Quiz Stats

 Plays Quiz not verified by Sporcle

Score 0/28 Timer 02:00
0 Plays Today
Number of Declarations State % Correct
77California
94.3%
84Texas
93%
63Florida
89.5%
61New York
81.1%
56Louisiana
81.1%
48Mississippi
72.8%
54Alabama
72.4%
66Oklahoma
70.2%
45Kansas
68.4%
35Georgia
67.1%
38North Carolina
66.2%
44Ohio
62.7%
42Virginia
62.7%
50Missouri
58.8%
Number of Declarations State % Correct
45Tennessee
58.3%
43Washington
57%
49Illinois
56.6%
51Arkansas
55.3%
53Kentucky
54.4%
45Nebraska
53.9%
38Indiana
50%
44Iowa
46.9%
43Pennsylvania
46.9%
45Minnesota
46.5%
38Maine
44.7%
46West Virginia
40.8%
38South Dakota
40.4%
40North Dakota
38.6%

You're not logged in!

Compare scores with friends on all Sporcle quizzes.
OR
Log In

Show Comments

Extras

Top Quizzes Today


Score Distribution

Your Account Isn't Verified!

In order to create a playlist on Sporcle, you need to verify the email address you used during registration. Go to your Sporcle Settings to finish the process.

Report this User

Report this user for behavior that violates our Community Guidelines.

Details: